Plasma physics : via computer simulation (Record no. 64193)

000 -LEADER
fixed length control field 00478nam a22001817a 4500
003 - CONTROL NUMBER IDENTIFIER
control field NUST - PNEC
005 - DATE AND TIME OF LATEST TRANSACTION
control field 20170116180835.0
008 - FIXED-LENGTH DATA ELEMENTS--GENERAL INFORMATION
fixed length control field 150805b xxu||||| |||| 00| 0 eng d
020 ## - INTERNATIONAL STANDARD BOOK NUMBER
International Standard Book Number 0070053715
020 ## - INTERNATIONAL STANDARD BOOK NUMBER
International Standard Book Number 007Y661510
040 ## - CATALOGING SOURCE
Transcribing agency LIBRARY
082 ## - DEWEY DECIMAL CLASSIFICATION NUMBER
Classification number 530.44 BIR
100 ## - MAIN ENTRY--PERSONAL NAME
9 (RLIN) 4933
Personal name Birdsall, Charles K.
245 ## - TITLE STATEMENT
Title Plasma physics : via computer simulation
Statement of responsibility, etc. Charles K. Birdsall
260 ## - PUBLICATION, DISTRIBUTION, ETC.
Date of publication, distribution, etc. c.1985
650 ## - SUBJECT ADDED ENTRY--TOPICAL TERM
9 (RLIN) 4935
Topical term or geographic name entry element Computer Simulation
General subdivision ME
942 ## - ADDED ENTRY ELEMENTS (KOHA)
Source of classification or shelving scheme
Koha item type Book
Holdings
Withdrawn status Lost status Source of classification or shelving scheme Damaged status Not for loan Permanent Location Current Location Shelving location Date acquired Total Checkouts Full call number Barcode Date last seen Price effective from Koha item type
          Pakistan Navy Engineering College (PNEC) Pakistan Navy Engineering College (PNEC)       530.44 BIR PNECLIB-013082 08/05/2015   Book
© 2023 Central Library, National University of Sciences and Technology. All Rights Reserved.